Guess a random country by the letter #4 - Statistics

General Stats
  • This quiz has been taken 27 times
  • The average score is 3 of 10
Answer Stats
Hint Answer % Correct
H Hungary
76%
A Algeria
33%
L Liberia
33%
N Norway
33%
B Benin
29%
E Eswatini
29%
D Dominica
24%
A Antigua
14%
G Grenada
14%
S Solomon Islands
0%
No matching quizzes found
Score Distribution
Percent of People with Each Score
Percentile by Number Answered
Your Score History
You have not taken this quiz